Datum a čas kvízu

20 Celkem bodů Celkový počet nahraných bodů na tomto kvízu bez doplňovacích otázek.
15. Pořadí na kvízu Konečné umístění týmu na tomto kvízu.

Zaznamenané odpovědi

# Otázka Odpověď Body Výsledky
1. Pojďme dnešní finále otevřít d... Rothschildova 1
2. Český cestovatel a spisovatel... Prázdniny v Evropě 0
3. Jak se nazývá zákon skrývající... Listina základních práv a svobod 0
4. V letech 2008 - 2018 bylo akti... Klíčové hnutí 0
5. V poslední otázce se podívejme... med 0
6. Kterým písmenem je na obrázku... B 1
7. Vyberte nepravdivé tvrzení o ž... D 1
8. Jak se jmenuje populárně vědec... Stručná historie času 0
9. Mechanika je obor fyziky, kter... kinematiku a dynamiku 0.5
10. Přiřaďte tyto prvky k číslům,... 1 fluor, 2 hliník, 3 síra, 4 selen 1